00685 2200181 4500245003900000020002200039250001100061100001800072700001400090650002000104005001900124260003100143041001400174084000800188300002600196500027200222336000900494 aDear UmbrellacAlfian DanierhText a978-602-7816-40-4 aCet. 1 aAlfian Danier aIda Wajdi aNovel Indonesia a20231002143151 aJakartabNoura Booksc2013 aIndonesia a813 ax, 310 hlm. :c19 cm. aDear umbrella aku menulis surat ini dibawah hujan yang memayungi bumi seperti kamu yang memayungi ku menjaga dari dingin yang beku entah berapa surat harus kutulis untuknya agar aku tak perlu lagi bertanya apakah dia memang untukku atau dia hanya keinginan yang ragu. atext